000 00616nam a2200241Ia 4500
003 OSt
005 20220918222717.0
006 a|||||r|||| 00| 0
007 ta
008 220917b |||||||| |||| 00| 0 eng d
024 _a217,941
037 _cTextual
040 _aARTS
_cARTS
_beng
041 _2eng
_aeng
082 _aVv2.M, P3
100 _aSubodh Sanjay
_9143882
245 0 _aHistoriography of medieval India
260 _aNew Delhi
_bManak Pub.
_c2003
300 _axx, 167p
_ccm.
650 _aHISTORY
942 _hVv2.M, P3
_cTEXL
_2CC
999 _c276275
_d276275